Anteproyecto de plan de manejo del Parque Nacional Atitlan
El presente trabajo constituye uno de los mayores esfuerzos que se han realizado para lograr la conservación y manejo más adecuado del Parque Nacional Atitlán, una de las bellezas naturales más significativas para los guatemaltecos
Uloženo v:
| Korporativní autor: | |
|---|---|
| Médium: | Text |
| Vydáno: |
Guatemala:
INAFOR
|
| Témata: | |
| Tagy: |
Přidat tag
Žádné tagy, Buďte první, kdo vytvoří štítek k tomuto záznamu!
|
MARC
| LEADER | 00000 a a2200000 04500 | ||
|---|---|---|---|
| 001 | 36868 | ||
| 003 | |||
| 040 | |a CRAI/IIS |c CRAI/IIS | ||
| 090 | |a 1001 I59a | ||
| 110 | |a Guatemala. Instituto Nacional Forestal. Parques Nacionales y Vida Silvestre | ||
| 245 | |a Anteproyecto de plan de manejo del Parque Nacional Atitlan | ||
| 260 | |a Guatemala: |b INAFOR | ||
| 300 | |a 163 p. | ||
| 520 | |a El presente trabajo constituye uno de los mayores esfuerzos que se han realizado para lograr la conservación y manejo más adecuado del Parque Nacional Atitlán, una de las bellezas naturales más significativas para los guatemaltecos | ||
| 650 | |a PARQUES NACIONALES | ||
| 650 | |a CONSERVACION DE LA NATURALEZA | ||
| 650 | |a CULTURA | ||
| 650 | |a ARQUEOLOGIA | ||
| 650 | |a MUJERES | ||
| 650 | |a GUATEMALA | ||
| 999 | |c 14176 |d 14176 | ||
